|
|
|
|
| LEADER |
01288nam a2200349 a 4500 |
| 001 |
7413 |
| 003 |
BD-DhAAL |
| 005 |
20150224115520.0 |
| 008 |
150224s2004 maua b 000 0 eng |
| 010 |
|
|
|a 2003048778
|
| 020 |
|
|
|a 0767420918
|
| 040 |
|
|
|a DLC
|c DLC
|d NIC
|d BD-DhAAL
|
| 050 |
0 |
0 |
|a E184.A1
|b R4485 2003
|
| 082 |
0 |
0 |
|a 305.8/00973
|2 21
|
| 245 |
0 |
0 |
|a Rethinking the color line :
|b readings in race and ethnicity /
|c [edited by] Charles A. Gallagher.
|
| 250 |
|
|
|a 2nd ed.
|
| 260 |
|
|
|a Boston :
|b McGraw-Hill,
|c c2004.
|
| 300 |
|
|
|a xx, 626 p. :
|b ill. ;
|c 24 cm.
|
| 504 |
|
|
|a Includes bibliographical references.
|
| 541 |
|
|
|e 7413
|
| 650 |
|
0 |
|a Minorities
|x Civil rights
|z United States.
|9 8761
|
| 650 |
|
7 |
|a Ethnic relations
|2 fast
|9 8762
|
| 650 |
|
7 |
|a Minorities
|x Civil rights
|2 fast
|9 8763
|
| 650 |
|
7 |
|a Race relations
|2 fast
|9 8764
|
| 651 |
|
0 |
|a United States
|x Race relations.
|9 8006
|
| 651 |
|
0 |
|a United States
|x Ethnic relations.
|9 8007
|
| 651 |
|
7 |
|a United States
|2 fast
|9 8765
|
| 700 |
1 |
|
|a Gallagher, Charles A.
|q (Charles Andrew),
|d 1962-
|9 8766
|
| 942 |
|
|
|2 ddc
|c BK
|
| 948 |
1 |
|
|e l
|
| 999 |
|
|
|c 33787
|d 33787
|
| 952 |
|
|
|0 0
|1 0
|2 ddc
|4 0
|6 305_800973000000000_RET
|7 0
|9 52767
|a SCL
|b SCL
|c GEN
|d 2015-02-24
|e Gift: The Asia Foundation
|l 0
|o 305.800973 RET
|p 3020007413
|r 2015-02-24
|t 1
|w 2015-02-24
|y BK
|